| 000 | 00450nam a2200169 i 4500 | ||
|---|---|---|---|
| 001 | bg | ||
| 100 | 1 | _aBEER, Ferdinand P. | |
| 245 | 0 |
_aVector mechanics for engineers : _bstatics and dynamics / _cFerdinand Beer, E. Russel Johnston. |
|
| 250 | _a4th ed. | ||
| 260 |
_aNew York, _c1984. |
||
| 700 | 1 | _aJOHNSTON, E. Russel | |
| 040 | _cBPK | ||
| 041 | _apol | ||
| 080 | _a531/534:514.7 | ||
| 942 | _cKS | ||
| 008 | s pl f |000 0 pol | ||
| 999 |
_c23550 _d23550 |
||
| 856 |
_uhttp://koha.tu.koszalin.pl/cgi-bin/koha/opac-detail.pl?biblionumber=23550 _yKatalog online BPK |
||